<?xml version="1.0" encoding="UTF-8"?>
<record
    xmlns:xsi="http://www.w3.org/2001/XMLSchema-instance"
    xsi:schemaLocation="http://www.loc.gov/MARC21/slim http://www.loc.gov/standards/marcxml/schema/MARC21slim.xsd"
    xmlns="http://www.loc.gov/MARC21/slim">

  <leader>02458cam a22002533a 4500</leader>
  <controlfield tag="001">12351</controlfield>
  <controlfield tag="003">PGUSA</controlfield>
  <controlfield tag="005">20140828083248.0</controlfield>
  <controlfield tag="008">040501s2004||||xxu|||||s|||||000 p eng d</controlfield>
  <datafield tag="040" ind1=" " ind2=" ">
    <subfield code="a">PGUSA</subfield>
    <subfield code="b">eng</subfield>
  </datafield>
  <datafield tag="042" ind1=" " ind2=" ">
    <subfield code="a">dc</subfield>
  </datafield>
  <datafield tag="050" ind1=" " ind2="4">
    <subfield code="a">PT</subfield>
  </datafield>
  <datafield tag="245" ind1="1" ind2="4">
    <subfield code="a">The German Classics of the Nineteenth and Twentieth Centuries, Volume 07 :</subfield>
    <subfield code="b">Masterpieces of German Literature Translated into English. in Twenty Volumes</subfield>
    <subfield code="h">[electronic resource]</subfield>
  </datafield>
  <datafield tag="260" ind1=" " ind2=" ">
    <subfield code="b">Project Gutenberg,</subfield>
    <subfield code="c">2004</subfield>
  </datafield>
  <datafield tag="505" ind1="0" ind2=" ">
    <subfield code="a">The Life of Georg Wilhelm Friedrich Hegel. By J. Loewenberg. -- Hegel: Introduction to the Philosophy of History. -- The Philosophy of Law. -- Introduction to the Philosophy of Art. -- The Life of Bettina von Arnim. By Henry Wood. -- von Arnim: Goethe's Correspondence with a Child. -- Immermann and His Drama Merlin. By Martin Sch&#xFC;tze. -- Immermann's M&#xFC;nchhausen. By Allen Wilson Porterfield. -- Immermann: The Oberhof. -- Gutzkow and Young Germany. By Starr Willard Cutting. -- Gutzkow: Sword and Queue. -- German Lyric Poetry from 1830 to 1848. By John S. Nollen. -- Gr&#xFC;n: A Salon Scene. -- Lenau: Prayer. -- Sedge Songs. -- Songs by the Lake. -- The Postilion. -- To the Beloved from Afar. -- The Three Gipsies. -- My Heart. -- M&#xF6;rike: An Error Chanced. -- A Song for Two in the Night. -- Early Away. -- The Forsaken Maiden. -- Weyla's Song. -- Seclusion. -- The Soldier's Betrothed. -- The Old Weathercock: An Idyll. -- Think of It, My Soul. -- Erinna to Sappho. -- Mozart's Journey from Vienna to Prague. -- von Droste-H&#xFC;lshoff: Pentecost. -- The House in the Heath. -- The Boy on the Moor. -- On the Tower. -- The Desolate House. -- The Jew's Beech-Tree. -- Freiligrath: The Duration of Love. -- The Emigrants. -- The Lion's Ride. -- The Spectre-Caravan. -- Had I at Mecca's Gate been Nourished. -- Wild Flowers. -- The Dead to the Living. -- Hurrah, Germania! -- The Trumpet of Gravelotte. -- von Strachwitz: Douglas of the Bleeding Heart. -- Herwegh: The Stirrup-Cup. -- Geibel: The Watchman's Song. -- The Call of the Road. -- Autumn Days. -- The Death of Tiberius.</subfield>
  </datafield>
  <datafield tag="506" ind1=" " ind2=" ">
    <subfield code="a">Public domain in the USA.</subfield>
  </datafield>
  <datafield tag="516" ind1=" " ind2=" ">
    <subfield code="a">Electronic text</subfield>
  </datafield>
  <datafield tag="653" ind1=" " ind2=" ">
    <subfield code="a">German literature -- 20th century -- Translations into English</subfield>
  </datafield>
  <datafield tag="653" ind1=" " ind2=" ">
    <subfield code="a">German literature -- 19th century -- Translations into English</subfield>
  </datafield>
  <datafield tag="700" ind1="1" ind2=" ">
    <subfield code="a">Francke, Kuno,</subfield>
    <subfield code="d">1855-1930</subfield>
  </datafield>
  <datafield tag="830" ind1=" " ind2="0">
    <subfield code="a">Project Gutenberg</subfield>
    <subfield code="v">12351</subfield>
  </datafield>
  <datafield tag="856" ind1="4" ind2="0">
    <subfield code="u">http://www.gutenberg.org/ebooks/12351</subfield>
  </datafield>
  <datafield tag="942" ind1=" " ind2=" ">
    <subfield code="c">EB</subfield>
  </datafield>
  <datafield tag="999" ind1=" " ind2=" ">
    <subfield code="c">241606</subfield>
    <subfield code="d">241606</subfield>
  </datafield>
  <datafield tag="952" ind1=" " ind2=" ">
    <subfield code="0">0</subfield>
    <subfield code="1">0</subfield>
    <subfield code="4">0</subfield>
    <subfield code="a">GTB</subfield>
    <subfield code="b">GTB</subfield>
    <subfield code="d">2014-08-28</subfield>
    <subfield code="l">0</subfield>
    <subfield code="r">2014-08-28 00:00:00</subfield>
    <subfield code="w">2014-08-28</subfield>
    <subfield code="y">EB</subfield>
  </datafield>
</record>
